Miguel "en" Cervantes : (Record no. 187601)

MARC details
000 -LEADER
campo de control de longitud fija 01744nam a2200349 i 4500
001 - NÚMERO DE CONTROL
campo de control 187601
003 - IDENTIFICADOR DE NÚMERO DE CONTROL
campo de control ES-MaACL
005 - FECHA Y HORA DE LA ÚLTIMA TRANSACCIÓN
campo de control 20250808063553.0
008 - DATOS DE LONGITUD FIJA--INFORMACIÓN GENERAL
campo de control de longitud fija 171207s2015 sp a |||| |dspa d
017 ## - NÚMERO DE COPYRIGHT O DE DEPÓSITO LEGAL
Número de copyright o de depósito legal M 29931-2015
Agencia que asigna Oficina Depósito Legal Madrid
020 ## - NÚMERO INTERNACIONAL ESTÁNDAR DEL LIBRO
Número Internacional Estándar del Libro 978-84-15272-68-7
Información calificativa (Sociedad Estatal de Acción Cultural)
020 ## - NÚMERO INTERNACIONAL ESTÁNDAR DEL LIBRO
Número Internacional Estándar del Libro 978-84-16251-21-6
Información calificativa (Astiberri Ediciones)
024 70 - IDENTIFICADOR DE OTROS ESTÁNDARES
Número estándar o código 503-15-025-7
Fuente del número o código nipo
080 ## - NÚMERO DE LA CLASIFICACIÓN DECIMAL UNIVERSAL
Número de la Clasificación Decimal Universal 929 Cervantes Saavedra, Miguel de (083.824)
080 ## - NÚMERO DE LA CLASIFICACIÓN DECIMAL UNIVERSAL
Número de la Clasificación Decimal Universal 821.134.2 Cervantes Saavedra, Miguel de 7 Retablo de las maravillas (0:7)(083.824)
080 ## - NÚMERO DE LA CLASIFICACIÓN DECIMAL UNIVERSAL
Número de la Clasificación Decimal Universal 74 Rubín, David (083.824)
080 ## - NÚMERO DE LA CLASIFICACIÓN DECIMAL UNIVERSAL
Número de la Clasificación Decimal Universal 74 Prado, Miguelanxo (083.824)
245 00 - MENCIÓN DEL TÍTULO
Título Miguel "en" Cervantes :
Resto del título El retablo de las maravillas : [exposición, Museo Casa Natal de Cervantes, 15 de octubre al 14 de febrero 2016] /
Mención de responsabilidad, etc. [ilustradores, Miguelanxo Prado, David Rubín]
260 ## - PUBLICACIÓN, DISTRIBUCIÓN, ETC.
Lugar de publicación, distribución, etc. [Bilbao] :
Nombre del editor, distribuidor, etc. Astiberri ;
Lugar de publicación, distribución, etc. [Madrid] :
Nombre del editor, distribuidor, etc. Asociación Cultural Española,
Fecha de publicación, distribución, etc. [2015]
300 ## - DESCRIPCIÓN FÍSICA
Extensión 109 páginas :
Otras características físicas principalmente ilustraciones (color) ;
Dimensiones 17 x 24 cm
600 14 - PUNTO DE ACCESO ADICIONAL DE MATERIA--NOMBRE DE PERSONA
Nombre de persona Cervantes Saavedra, Miguel de,
Fechas asociadas al nombre 1547-1616-
Subdivisión de forma Exposiciones
9 (RLIN) 37604
600 14 - PUNTO DE ACCESO ADICIONAL DE MATERIA--NOMBRE DE PERSONA
Nombre de persona Cervantes Saavedra, Miguel de,
Fechas asociadas al nombre 1547-1616.
Título de la obra El retablo de las maravillas
9 (RLIN) 241610
655 #7 - TERMINO DE INDIZACIÓN--GENERO/FORMA
Datos o término principal de género/forma Catálogos de exposiciones
Fuente del término tgfbne
9 (RLIN) 193628
700 1# - ENTRADA AGREGADA--NOMBRE PERSONAL
Nombre de persona Prado, Miguelanxo,
Fechas asociadas al nombre 1958-
Término indicativo de función/relación Ilustrador
9 (RLIN) 163892
700 1# - ENTRADA AGREGADA--NOMBRE PERSONAL
Nombre de persona Rubín, David,
Fechas asociadas al nombre 1977-
Término indicativo de función/relación Ilustrador
9 (RLIN) 163893
710 2# - ENTRADA AGREGADA--NOMBRE DE ENTIDAD CORPORATIVA
Nombre de entidad corporativa o nombre de jurisdicción como elemento de entrada Museo Casa Natal de Cervantes
Término indicativo de función/relación Sede
9 (RLIN) 173927
710 2# - ENTRADA AGREGADA--NOMBRE DE ENTIDAD CORPORATIVA
Nombre de entidad corporativa o nombre de jurisdicción como elemento de entrada Asociación Cultural Española
Término indicativo de función/relación Editor
9 (RLIN) 241611
852 ## - LOCALIZACIÓN
Ubicación ES-MaACL
Sublocalización o colección R.150986
Ubicación en estantería Depósito 1
Signatura antigua Olim: N-7119
Donativo/Legado Donación Asociación Cultural Española A.C.E.
Número de control de estantería A-14119
itemnumber 194687
942 ## - ELEMENTOS DE ENTRADA SECUNDARIOS (KOHA)
Fuente del sistema de clasificación o colocación Clasificación decimal universal
Tipo de ítem Koha Libro impreso
Suprimir en OPAC No
Holdings
Estatus retirado Estado de pérdida Fuente del sistema de clasificación o colocación Estado de daño No para préstamo Biblioteca de origen Biblioteca actual Ubicación en estantería Fecha de adquisición Fuente de adquisición Total de préstamos Signatura topográfica completa Código de barras Visto por última vez Tipo de ítem Koha
    Clasificación decimal universal     Biblioteca del Ateneo de Madrid Biblioteca del Ateneo de Madrid Depósito 1 07/12/2017 Donación   A-14119 1198152 23/02/2023 Libro impreso